| 000 | 00406nam a2200157Ia 4500 | ||
|---|---|---|---|
| 008 | 230917s9999||||xx |||||||||||||| ||und|| | ||
| 040 |
_e116171 _aMAIN |
||
| 041 | _aEnglish | ||
| 082 | _a005.133 G713T | ||
| 100 | _aGottfried Byron.S | ||
| 245 | 0 | _aTheory and probllems of programming with basic | |
| 250 | _a3ed | ||
| 260 |
_aNew Delhi _bTata McGraw-Hill _c1998 |
||
| 300 | _ai, 386p p. | ||
| 942 | _cBK | ||
| 999 |
_c101999 _d101999 |
||